| 000 | 02154nam a2200337 i 4500 | ||
|---|---|---|---|
| 003 | DO-SdBNP | ||
| 005 | 20250606113014.0 | ||
| 007 | ta | ||
| 008 | 250604b2024 dr ||||| |||| 00| 0 spa d | ||
| 020 | _a9789945250930 | ||
| 040 |
_aDO-SdBNP _bspa _cBNPHU _erda |
||
| 041 | _aspa | ||
| 082 | 4 |
_axxx _bM182h _222 |
|
| 100 | 1 |
_aMadiou, Thomas _d1814- _eautor _4aut. _987979 |
|
| 245 | 1 | 0 |
_aHistoria de Haití / _cThomas Madiou ; traducción por María Victoria Flórez Estrada Ponce de León ; cuidado de la edición por Aymara Vera Riverón y Kary Alba Rocha Arias ; diagramación y portada por Yahaira Fernández Vásquez |
| 250 | _aPrimera edición | ||
| 264 | 4 |
_aSanto Domingo, República Dominicana : _bArchivo General de la Nación, _bSociedad Dominicana de Bibliófilos, _c©2024. |
|
| 300 |
_a673 páginas : _bilustraciones, fotografías ; _c26 cm. |
||
| 336 |
_atexto _btxt _2rdacontent |
||
| 337 |
_asin mediación _bn _2rdamedia |
||
| 338 |
_avolumen _bnc _2rdacarrier |
||
| 500 | _aTomo VI, 1821-1826 (selección).Tomo VIII, 1843,1846 / | ||
| 505 | _aPrólogo, Frank Moya Pons 11 -- Tomo VI : 1821-1826 (Selección) -- Libro octogésimo (1821) 19 -- Libro octogésimo primero (1822) 83 -- Libro octogésimo segundo (1822) 125 -- Libro octogésimo tercero (1823) 157 -- Libro octogésimo cuarto (1824) 193 -- Libro octogésimo quinto (1825) 231 -- Libro octogésimo sexto (1826) 285 -- TOMO VIII : 1843-1846 -- Libro nonagésimo noveno (1843) 337 -- Libro centésimo (1844) 403 -- Libro centésimo primero (1845) 473 -- Libro centésimo segundo (1845) 507 -- Libro centésimo tercero (1845) 541 -- Libro centésimo cuarto (1845) 573 -- Libro centésimo quinto (1845) 587 -- Libro centésimo sexto (1845) 605 -- Libro centésimo séptimo (1845-1846) 627 -- Libro centésimo octavo (1846) 639 | ||
| 590 | _aInventariado, 2025 /LP | ||
| 700 | 1 |
_aFlórez Estrada Ponce de León, María Victoria _etraductor _4tr. _988002 |
|
| 700 | 1 |
_aVera Riverón, Aymara _eeditor _4ed. _988003 |
|
| 700 | 1 |
_aRocha Arias, Kary Alba _eeditor _4ed. _981514 |
|
| 700 | 1 |
_aFernández Vásquez, Yahaira _ediagrador _4di _985391 |
|
| 910 | _aLP | ||
| 942 |
_2ddc _cLBS1 |
||
| 999 |
_c58827 _d58827 |
||